| 000 | 00566cam a2200193 4500 | ||
|---|---|---|---|
| 001 | 46163 | ||
| 090 | _a46163 | ||
| 100 | _a19920513d1972 m y0pory50030103ba | ||
| 101 | 1 | _apor | |
| 102 | _aPT | ||
| 200 | 1 |
_aO eleito _fThomas Mann _gtrad. Maria Osswald |
|
| 210 | 9 |
_a[S.l.] _cPublicacões Europa-América, _dimp. 1972 |
|
| 215 |
_a173, [3] p. _d18 cm |
||
| 225 | 2 |
_aLivros de bolso Europa-América _v27 |
|
| 675 |
_a821.112.2-31"18/19" _vBN _zpor |
||
| 700 | 1 |
_aMann, _bThomas, _f1875-1955 |
|
| 702 | 1 |
_aOsswald, _bMaria Henriques, _f1893-1988 _4730 |
|
| 801 | 0 |
_aPT _bBN _gRPC |
|
| 990 | _cLIVROS | ||